Equivalentes fraseológicos entre el español de Colombia y el idioma eslovaco

Saved in:
Bibliographic Details
Main Author: Varela Cano, Diana Patricia, 1964-
Format: Book Chapter
Language:Spanish
Subjects:
Tags: Add Tag
No Tags, Be the first to tag this record!

MARC

LEADER 00000nla a2200000 4500
001 0241367
005 20240502073929.8
041 0 |a spa 
044 |a SK 
245 1 0 |a Equivalentes fraseológicos entre el español de Colombia y el idioma eslovaco  |c Diana Patricia Varela Cano 
610 2 0 |a jazyky cudzie 
610 2 0 |a španielčina 
610 2 0 |a jazykoveda 
610 2 0 |a frazeológia 
610 2 0 |a slovenčina 
100 1 |a Varela Cano, Diana Patricia, 1964-